| 000 | 00337nam a22001337a 4500 | ||
|---|---|---|---|
| 999 |
_c15502 _d15502 |
||
| 003 | OSt | ||
| 008 | 180813b ||||| |||| 00| 0 eng d | ||
| 082 |
_a671.35 _bMAC/GR |
||
| 245 | _aGravity die casting | ||
| 260 |
_aLondon _bThe machinery publishing _c1957 |
||
| 300 | _a60 | ||
| 490 | _aMachinery's yellow back series no.4c | ||
| 942 | _cBK | ||